La organización campesina y el desarrollo rural

Guardat en:
Dades bibliogràfiques
Autor principal: Santos de Morais, Clodomir
Format: Text
Publicat: San José: OIT
Etiquetes: Afegir etiqueta
Sense etiquetes, Sigues el primer a etiquetar aquest registre!

MARC

LEADER 00000 a a2200000 04500
001 25570
003
040
090 |a 160004  
100 |a Santos de Morais, Clodomir  
245 |a La organización campesina y el desarrollo rural  
260 |a San José:   |b OIT  
300 |a 70 p.  
999 |c 14603  |d 14603